000 00917nam a2200217Ii 4500
003 JO-AjNU
008 230605s9999||||xx |||||||||||||| ||und||
017 _a2007/5/1473
040 _aJO-AjNU
_bara
_erda
_cJO-AjNU
041 _aara
050 1 4 _aLB15 .S26 2008
100 3 _aتأليف سمارة، نواف احمد ؛ عبد السلام موسى العديلي م، مشارك,
_eauthor
_931524
245 0 0 _aمفاهيم ومصطلحات في العلوم التربوية
250 _aالطبعة الأولى
264 3 1 _aعمان: دار المسيرة، 2007
300 _a190ص
_bيشتمل على مراجع ببلوغرافية باللغة العربية واللغة الأجنبية ص( 183-190)
336 _atext
_btxt
_2rdacontent
337 _aunmediated
_bn
_2rdamedia
338 _avolume
_bnc
_2rdacarrier
650 4 _aالعلوم التربوية -- معاجم و قواميس
_931525
999 _aA12618
_c16186
_d16186